000 00915cam a2200337 4500
001 J3100
008 090401t1994 xxu||||| |||| 00| 0 eng d
035 _a(Sirsi) u53021
041 _aeng
050 _a333.76
110 _aForeign and Commonwealth Office
_91230
245 _aRural Britain: farming, forestry and new enterprise in the countryside.
260 _aLondon
_bForeign and Commonwealth Office
_c1994
300 _a47p. : ill. ; 30cm.
350 _a7.5
650 _aALTERNATIVE ENTERPRISES
650 _aASSISTED AREAS
650 _aCOUNTRYSIDE DESIGNATIONS
650 _aEnvironment
_96238
650 _aFARMING
650 _aFORESTRY
650 _aLand use
_96251
650 _aRURAL AREAS
650 _aRURAL BRITAIN
650 _aRURAL DEVELOPMENT AREA
650 _aSTATISTICS
650 _aTELECOTTAGES
690 _aRURAL PRACTICE
942 _n0
948 _c04/03/1997
999 _c93210
_d93210